Entry Personal Name
Number of records used in: 1
001 - CONTROL NUMBER
003 - CONTROL NUMBER IDENTIFIER
005 - DATE AND TIME OF LATEST TRANSACTION
- control field:
20220725092732.0
008 - FIXED-LENGTH DATA ELEMENTS
- fixed length control field:
041123n| azannaabn |n aaa c
010 ## - LIBRARY OF CONGRESS CONTROL NUMBER
- LC control number:
no2004113891
- Canceled/invalid LC control number:
n 2004089919
035 ## - SYSTEM CONTROL NUMBER
- System control number:
(OCoLC)oca06501140
040 ## - CATALOGING SOURCE
- Original cataloging agency:
NNU-L
- Language of cataloging:
eng
- Description conventions:
rda
- Transcribing agency:
NNU-L
- Modifying agency:
DLC
- Modifying agency:
PSt
100 1# - HEADING--PERSONAL NAME
- Personal name:
Branscombe, Nyla R.
372 ## - FIELD OF ACTIVITY
- Field of activity:
Psychology
373 ## - ASSOCIATED GROUP
- Associated group:
University of Kansas
374 ## - OCCUPATION
375 ## - GENDER
377 ## - ASSOCIATED LANGUAGE
670 ## - SOURCE DATA FOUND
- Source citation:
Collective guilt, 2004:
- Information found:
title page (Nyla R. Branscombe; University of Kansas) page i (Nyla R. Branscombe, professor of psychology at the University of Kansas; specializes in intergroup relations) LC CIP on title page verso (heading: Branscombe, Nyla B.; usage: Nyla R. Branscombe)
670 ## - SOURCE DATA FOUND
- Source citation:
University of Kansas Deptartment of Psychology WWW site, Nov. 23, 2004
- Information found:
(Nyla R. Branscombe, professor; M.A., 1982, University of Western Ontario, Ph. D., 1986, Purdue University)
670 ## - SOURCE DATA FOUND
- Source citation:
Psychology of change, 2015:
- Information found:
about the editors (professor of psychology at the University of Kansas; she has published more than 120 articles and chapters and received the Personality and Social Psychology Publication Award in 1996 and 2001)